| 000 | 01402nam a2200325 4500 | ||
|---|---|---|---|
| 001 | 452 | ||
| 003 | OSt | ||
| 005 | 20250701145127.0 | ||
| 008 | 250701b |||||||g |||| 00| j eng d | ||
| 020 | _a853251409 | ||
| 040 | _bpor | ||
| 041 |
_heng _apor |
||
| 082 |
_a028.5 _bA649a |
||
| 100 | 1 |
_aApplegate, Katherine. _d1956 - |
|
| 240 | _aAnimorphs: the alien | ||
| 245 |
_aAnimorphs: _bO andróide / _cApplegate, Katherine; Tradução de Regina Stela Braga |
||
| 260 |
_aRio de Janeiro _bRocco _c2002 |
||
| 300 | _a147 p. | ||
| 520 | _aQuando Marco reencontra seu velho amigo Erek não dá muita importância ao fato. Tem coisas mais importantes a fazer. Como ajudar a salvar o mundo. Mas desde que vê o amigo no meio dos garotos do The Sharing, começa a desconfiar que alguma coisa estranha está acontecendo. Então Marco, Jake e Ax decidem morfar a vigiá-lo para ver se ele havia sido enfestado com Yeerk. A boa notícia é que não se trata de um Controlador-humano. A má é que Erek também não é humano... | ||
| 650 | 0 |
_aLiteratura Americana _984 |
|
| 650 | 0 |
_aInvasão alienígena _9986 |
|
| 650 | 0 |
_aAdolescentes como heróis _9987 |
|
| 650 | 0 |
_aInfantojuvenil _9200 |
|
| 650 | 0 |
_aTransformação em animais _9988 |
|
| 655 | 0 |
_aRomance _923 |
|
| 655 | 0 |
_aFicção _922 |
|
| 700 |
_aRegina Stela Braga _eTRADUTOR _9989 |
||
| 830 |
_aAnimorphs _9985 _vvol. 10 |
||
| 942 |
_2ddc _n0 _cBK |
||
| 999 |
_c452 _d452 |
||